| 000 | 00645nam a22002172 4500 | ||
|---|---|---|---|
| 001 | 0000023668 | ||
| 005 | 20151217152246.0 | ||
| 008 | 130315s xx 000 0 eng d | ||
| 020 | _a019851056x : | ||
| 040 |
_aKABU _cKABU |
||
| 245 | 1 | 0 |
_aOperative surgery / _cedited by Greg R. McLatchie, David J. Leaper. |
| 250 | _a2nd ed. | ||
| 260 |
_aOxford : _bO. U. P., _c2006. |
||
| 300 | _axvi, 866 p. | ||
| 650 | 0 |
_aSurgery, Operative. _@0000183274 |
|
| 700 | 1 |
_aMcLatchie, Greg R. _@0000183275 |
|
| 700 | 1 |
_aLeaper, David J. _@0000183276 |
|
| 852 | 1 | _9p4095 KES | |
| 908 | _a130315 | ||
| 950 | _@1 | ||
| 999 |
_c9917 _d9917 |
||